=LDR 00000nam 2200000 4500 =001 INLIS000000000025166 =005 20130612123709 =008 ***********************************Ind** =035 ##$$0010-061300000025166 =041 ##$$a Ind =082 ##$$a 419.507 =090 ##$$a 419.507, Sup t =100 ##$$a Suparka, I Wayan =245 ##$$a Tata basa basa Bali anyar, I Wayan Suparka =260 ##$$a 1993 $b Bali =300 ##$$a x, 71 hlm, 20 cm =650 ##$$a Bahasa Bali =850 ##$$a NBPNMAT